<?xml version="1.0" encoding="UTF-8"?><?xml-stylesheet type="text/xsl" href="static/style.xsl"?><OAI-PMH xmlns="http://www.openarchives.org/OAI/2.0/" xmlns:xsi="http://www.w3.org/2001/XMLSchema-instance" xsi:schemaLocation="http://www.openarchives.org/OAI/2.0/ http://www.openarchives.org/OAI/2.0/OAI-PMH.xsd"><responseDate>2026-04-27T08:19:15Z</responseDate><request verb="GetRecord" identifier="oai:uvadoc.uva.es:10324/29178" metadataPrefix="marc">https://uvadoc.uva.es/oai/request</request><GetRecord><record><header><identifier>oai:uvadoc.uva.es:10324/29178</identifier><datestamp>2025-01-29T09:36:39Z</datestamp><setSpec>com_10324_38</setSpec><setSpec>col_10324_852</setSpec></header><metadata><record xmlns="http://www.loc.gov/MARC21/slim" xmlns:doc="http://www.lyncode.com/xoai" xmlns:xsi="http://www.w3.org/2001/XMLSchema-instance" xmlns:dcterms="http://purl.org/dc/terms/" xsi:schemaLocation="http://www.loc.gov/MARC21/slim http://www.loc.gov/standards/marcxml/schema/MARC21slim.xsd">
<leader>00925njm 22002777a 4500</leader>
<datafield tag="042" ind1=" " ind2=" ">
<subfield code="a">dc</subfield>
</datafield>
<datafield tag="720" ind1=" " ind2=" ">
<subfield code="a">García Alfaro, Andrea</subfield>
<subfield code="e">author</subfield>
</datafield>
<datafield tag="260" ind1=" " ind2=" ">
<subfield code="c">2017</subfield>
</datafield>
<datafield tag="520" ind1=" " ind2=" ">
<subfield code="a">Este trabajo de fin de grado es un primer acercamiento a la importancia que tiene el paisaje en el segundo ciclo de Educación Infantil, que abarca desde los tres a los seis años.&#xd;
Está diseñado para concienciar a todas las personas de la importancia y el valor didáctico que tiene la naturaleza en nuestras vidas, especialmente en los niños de Educación Infantil&#xd;
Para ello, utilizaremos los curricula del segundo ciclo de educación infantil de las distintas comunidades autónomas, concretamente en el área de conocimiento del entorno para analizar las diferentes definiciones que se le dan al concepto de paisaje y la importancia del mismo en el sistema educativo.&#xd;
También se llevará a cabo una propuesta didáctica para trabajar las estaciones del año en relación al paisaje y la forma en que podrían trabajarse en el aula de educación infantil.</subfield>
</datafield>
<datafield tag="024" ind2=" " ind1="8">
<subfield code="a">http://uvadoc.uva.es/handle/10324/29178</subfield>
</datafield>
<datafield tag="245" ind1="0" ind2="0">
<subfield code="a">El paisaje en el aula de Infantil: el juego de las estaciones</subfield>
</datafield>
</record></metadata></record></GetRecord></OAI-PMH>